|
|
|
|
| LEADER |
00000nkmaa2200000 a 4500 |
| 001 |
vtls010106630 |
| 003 |
SK-MaSNL |
| 005 |
20260331205935.0 |
| 007 |
kf ao |
| 008 |
231204q1905 xo 000 ||00 k|slo |
| 035 |
|
|
|a DE834734-65C1-4468-9CC9-CC0D67A3F2A6
|
| 035 |
|
|
|a urn:nbn:sk:snk-km001xd2
|
| 035 |
|
|
|a urn:nbn:sk:snk-kmti3q
|
| 040 |
|
|
|a SNKLA
|b slo
|c SNKLA
|e AACR2
|
| 041 |
0 |
|
|a slo
|
| 044 |
|
|
|a xo
|c SK
|
| 100 |
1 |
|
|a Eichler
|c (fotograf)
|4 pht
|9 411252
|
| 245 |
1 |
0 |
|a Lúčky pri Ružomberku
|h [grafika]
|b Príchod do kúpeľov
|c Fot.-amat. Eichler
|
| 260 |
|
|
|a Ružomberok
|b Víťazoslav Herle
|c [medzi 1905 a 1950?]
|
| 300 |
|
|
|a 1 pohľadnica
|b tónovaná do hneda
|c 9x14 cm
|
| 610 |
2 |
7 |
|a Kúpele Lúčky (Slovensko)
|2 SNKLA
|9 155614
|
| 651 |
|
7 |
|a Lúčky (Ružomberok, Slovensko)
|2 SNKPH
|9 163588
|
| 651 |
|
7 |
|a Slovensko
|2 SNKPH
|9 14231
|
| 655 |
|
7 |
|a geografické pohľadnice
|2 SNKPH
|9 70522
|
| 958 |
|
|
|a BLA
|
| 999 |
|
|
|c 661664
|d 663594
|
| 952 |
|
|
|a SNKLA
|b SNKLA
|c SNKLA_DEP
|y NEVYP
|7 0
|p 17A0650605
|o snkLA 3396/1970
|0 0
|1 0
|4 0
|d 2014-07-23
|f 1
|l 0
|r 2026-02-23 18:56:27
|w 2026-02-23
|